000 01022nas a2200337 4500
001 BR2016001826
003 BR-BrBNA
005 20231205130350.0
007 ta
008 230509b bl.|||p| |||| 00| 00por d
040 _aBR-BrBNA
_bpor
_cBiblioteca Nacional de Agricultura
041 _a(En)
072 _aL74; L73
100 1 _aBoos, G.S.
100 1 _aBassuino, D.M.
100 1 _aWurster, F.
100 1 _aCastro, N.B.
100 1 _aWatanabe, T.T.N.
100 1 _aSilva, G.S.
100 1 _aSonne, L.
100 1 _aDriemeier, D.
245 1 _aRetrospective canine skin peripheral nerve sheath tumors data with emphasis on histologic, immunohistochemical and prognostic factors
650 _aCAO
650 _aSISTEMA NERVOSO
650 _aNEOPLASIA
650 _aDADO
650 _aRIO GRANDE DO SUL
773 0 _tPesquisa Veterinária Brasileira (Brazil)
_xISSN 0100-736X
_g(Dec 2015), v. 35(12) p. 965-974
_wBR2016001826
909 _a202311
_bLúcia
_c55
_dLúcia Elande
942 _2AGRIS
_n0
_cANA
999 _c249065
_d249065